000 01058nam0a2200313 i 4500
001 RU\NLR\BIBL_A\010794686
005 20240921111721.0
010 _a9785699759958
_92000
021 _aRU
_b2015-42596
_92526
035 _a(NILC)RuMoRGB-007950770
035 _a(NLR Aleph) 010794686
090 _a10130124
_c10130124
100 _a20150629d2014 um y0rusy50 ca
101 1 _arus
_cger
102 _aRU
105 _ay|||z|||000ay
200 1 _aПоследний из Вейнфельдтов
_fМартин Сутер
_g[перевод с нем. А. Духанина]
210 _aМосква
_cЭКСМО
_d2014
215 _a409, [2] с.
_d17
225 1 _aПроза Мартина Сутера
333 _a16+
686 1 _aШ6(4Ш)167-440.4(Лх1398-50)
700 1 _7ca
_8rus
_aСутер
_bМ.
_f1948-
_gМартин
_9207541
_3RU\NLR\AUTH\770207594
801 0 _aRU
_bРГБ
_c20150610
_gRCR
801 1 _aRU
_bРГБ
_c20150610
_2rusmarc
942 _cBOOK
980 _aNBR